Welcome to CU Library Online Public Access Catalogue (OPAC)

Pattenrs for College Writing: (Record no. 9547)

MARC details
000 -LEADER
fixed length control field 00485nam a22001577a 4500
005 - DATE AND TIME OF LATEST TRANSACTION
control field 20260422173431.0
008 - FIXED-LENGTH DATA ELEMENTS--GENERAL INFORMATION
fixed length control field 260422b |||||||| |||| 00| 0 eng d
020 ## - INTERNATIONAL STANDARD BOOK NUMBER
International Standard Book Number 0312451024
020 ## - INTERNATIONAL STANDARD BOOK NUMBER
International Standard Book Number 9780312451028
050 ## - LIBRARY OF CONGRESS CALL NUMBER
Classification number PE1417
Item number .P36 KIR
100 ## - MAIN ENTRY--PERSONAL NAME
Personal name Kirszner Laurie G.
245 ## - TITLE STATEMENT
Title Pattenrs for College Writing:
Remainder of title A Rhetorical Reader and Guide/
Statement of responsibility, etc. Laurie G. Kirszner & Stephen R. Mandell
250 ## - EDITION STATEMENT
Edition statement 10th Ed.
260 ## - PUBLICATION, DISTRIBUTION, ETC.
Place of publication, distribution, etc. Bedford
Name of publisher, distributor, etc. St. Martin's
Date of publication, distribution, etc. 2007
942 ## - ADDED ENTRY ELEMENTS (KOHA)
Source of classification or shelving scheme Library of Congress Classification
Koha item type Books
Edition 10th Ed.
Suppress in OPAC No
999 ## -
-- 9547
-- 9547
Holdings
Withdrawn status Lost status Source of classification or shelving scheme Damaged status Not for loan Collection Home library Current library Shelving location Date acquired Total checkouts Full call number Barcode Date last seen Copy number Price effective from Koha item type
    Library of Congress Classification     Non-fiction Business Library (Miotso) Business Library (Miotso) General stacks 03/27/2026   PE1417 .P36 KIR BSSM00003471 04/22/2026 1 03/27/2026 Books
    Library of Congress Classification     Non-fiction Business Library (Miotso) Business Library (Miotso) General stacks 03/27/2026   PE1417 .P36 KIR BSSM00003472 04/22/2026 2 03/27/2026 Books
© 2023-2024 Copyright: Central University Libraries. All Rights Reserved | Created by: Mahone Tech Office